| 000 | 00609nam a2200217 u 4500 | ||
|---|---|---|---|
| 005 | 20220818063543.0 | ||
| 008 | 150223s1999 ca r 000 0 spa d | ||
| 020 | _a0374420858 | ||
| 035 | _aUPN01000202002 | ||
| 049 | _aI | ||
| 050 | 4 |
_aHQ759.9 _bT6.7 |
|
| 100 | 1 |
_aTorres, Leyla _932853 |
|
| 245 | 1 | 3 |
_aEl sancocho del sábado / _cLeyla Torres. |
| 260 |
_aCanadá : _bMirasol, _c1999. |
||
| 300 |
_a[32] p. : _bil. col. |
||
| 440 | 0 | _aLibros juveniles | |
| 650 | 7 |
_aAbuelos _vLiteratura infantil _2 _911576 |
|
| 650 | 0 |
_aCuentos infantiles colombianos _94407 |
|
| 905 | _aInfantil | ||
| 999 |
_c174103 _d174103 |
||